000 00738nam a2200217Ii 4500
003 JO-AjNU
008 230605s9999||||xx |||||||||||||| ||und||
017 _a2003/4/138
040 _aJO-AjNU
_bara
_erda
_cJO-AjNU
041 _aara
050 1 4 _aHQ1728.7 2009
100 3 _aالامام، محاسن,
_eauthor
_943821
245 0 0 _aليسمع صوتك: المرأة العربية والانتخابات دليلك الاعلامي
250 _aط2
264 3 1 _aعمان: مركز الاعلاميات العربيات، 2009
300 _a50ص
336 _atext
_btxt
_2rdacontent
337 _aunmediated
_bn
_2rdamedia
338 _avolume
_bnc
_2rdacarrier
650 4 _aالمراة العربية - انتخابات
_943822
999 _aA18867
_c22435
_d22435